000 00615nam a2200205Ia 4500
001 2576
003 GE_BSU
008 181216s||||||||xx |||||||||||||| ||und||
040 _cGE_BSU
080 _a339.1(075.8)
245 _aმარკეტინგი.
245 _bსახელმძღვანელო უმაღლესი სასწ.სტუდენტებისათვის.
260 _aთბილისი
260 _bმეცნიერება
260 _c2006
300 _a508 გვ
541 _h25 ლ.
653 _aმარკეტინგი
942 _cBK
999 _c36654
_d36654